00522nam a2200145Ia 4500008004100000100001900041245008300060260004200143300001200185650002900197700002300226942000700249999001700256952010300273220216s9999 xx 000 0 und d aPatil Pankaj Y 0aMechanism of improved aged rubber-to-brass adhesion using one-component resins bRubber Chemistry and Technologyc2005 a155-173 aRubber-to-brass adhesion aOoij William J van cJS c62768d62768 00104078aMAINbMAINc80d2021-12-17hVolume 78, Issue 1l0r2021-12-17 00:00:00w2022-02-16yJS